Python for data science / (Record no. 240846)
[ view plain ]
| 000 -LEADER | |
|---|---|
| fixed length control field | 02067nam a22002297a 4500 |
| 003 - CONTROL NUMBER IDENTIFIER | |
| control field | OSt |
| 005 - DATE AND TIME OF LATEST TRANSACTION | |
| control field | 20260211142036.0 |
| 008 - FIXED-LENGTH DATA ELEMENTS--GENERAL INFORMATION | |
| fixed length control field | 260206b |||||||| |||| 00| 0 eng d |
| 020 ## - INTERNATIONAL STANDARD BOOK NUMBER | |
| International Standard Book Number | 9789354243479 |
| 040 ## - CATALOGING SOURCE | |
| Transcribing agency | AIMIT LIBRARY |
| 100 ## - MAIN ENTRY--PERSONAL NAME | |
| Personal name | Hameed, Mohd. Abdul. |
| 9 (RLIN) | 253872 |
| 245 ## - TITLE STATEMENT | |
| Title | Python for data science / |
| Remainder of title | By Mohd. Abdul Hameed. |
| 250 ## - EDITION STATEMENT | |
| Edition statement | 1st ed. |
| 260 ## - PUBLICATION, DISTRIBUTION, ETC. | |
| Place of publication, distribution, etc. | New Delhi : |
| Name of publisher, distributor, etc. | Wiley India Pvt Ltd , |
| Date of publication, distribution, etc. | 2021. |
| 300 ## - PHYSICAL DESCRIPTION | |
| Extent | xix,273 p.; |
| Other physical details | PB |
| Dimensions | 24.5 cm. |
| 500 ## - GENERAL NOTE | |
| General note | Python for Data Science contains the basic and advanced concepts to understand Python language. Besides, it furnishes the detailed procedure on how to implement a Data Science project. This book is intended to develop in readers the skills to independently work on their Data Science projects. In addition to UG, PG, and PhD students, this book would be a ready reckoner to IT professionals. |
| 505 ## - FORMATTED CONTENTS NOTE | |
| Formatted contents note | Python Data Types, Values, and Identifiers<br/>Statements, Expressions, and Operators<br/>Python’s Flow Control Tools<br/>Functions in Python<br/>Python Modules<br/>Python Classes and Objects<br/>Files and Input/Output<br/>Errors and Exceptions<br/>Pandas<br/>Data Visualization with Seaborn<br/>Introduction to Machine Learning |
| Miscellaneous information | This book was amazing. I read it and finished the book. I can say this book is monumental. Book covers everything so simple and easy to read and understand. This book is a useful and comprehensive reference to understand python for data science concepts.<br/><br/>Anurag Rana (Ph D)<br/>Yoganada School of AI, Computer and Data Sciences<br/>Faculty of Engineering and Technology<br/>Shoolini University |
| Statement of responsibility | Dr. Mohd. Abdul Hameed is currently working as an Assistant Professor in the Department of Computer Science and Engineering, University College of Engineering, Osmania University (OU), Hyderabad, Telangana. Further, he holds an additional responsibility as Training and Placement Officer at the College of Engineering |
| 650 ## - SUBJECT ADDED ENTRY--TOPICAL TERM | |
| Topical term or geographic name entry element | Statements expressions and operators |
| 9 (RLIN) | 253873 |
| 650 ## - SUBJECT ADDED ENTRY--TOPICAL TERM | |
| Topical term or geographic name entry element | Functions in python |
| 9 (RLIN) | 253874 |
| 650 ## - SUBJECT ADDED ENTRY--TOPICAL TERM | |
| Source of heading or term | Files and input/output |
| 942 ## - ADDED ENTRY ELEMENTS (KOHA) | |
| Source of classification or shelving scheme | Dewey Decimal Classification |
| Koha item type | Book |
| Edition | 1 |
| Call number prefix | 005.76 HAMM |
| Withdrawn status | Lost status | Source of classification or shelving scheme | Damaged status | Not for loan | Collection code | Home library | Current library | Shelving location | Date acquired | Source of acquisition | Cost, normal purchase price | Inventory number | Total Checkouts | Full call number | Barcode | Date last seen | Cost, replacement price | Price effective from | Koha item type |
|---|---|---|---|---|---|---|---|---|---|---|---|---|---|---|---|---|---|---|---|
| Dewey Decimal Classification | MCA | St Aloysius Institute of Management & Information Technology | St Aloysius Institute of Management & Information Technology | Data Science | 02/03/2026 | KL Book House | 539.00 | Bill no:1288; Bill dt:2026-01-23 | 005.76 HAMM | MCA17377 | 05/23/2026 | 404.25 | 02/06/2026 | Book |